Paroles - Fixette - Ziak - Statistiques

Statistiques générales
  • Ce quiz a été pris 140 fois
  • Le résultat moyen est 248 sur 500
Statistiques - réponses
Réponse % Correct
fi
92%
a
91%
à
91%
à
89%
de
89%
de
87%
le
87%
le
85%
ma
85%
m'a
85%
ma
84%
m'a
83%
ma
83%
j'suis
80%
sur
80%
fixette
79%
je
78%
j'suis
78%
J'suis,
78%
sur
77%
fixette
76%
fait
75%
elle
74%
fait
74%
Si
74%
un
74%
dans
73%
fait
73%
elle
72%
fait
72%
un
72%
A7,
71%
Ce
71%
dans
71%
la
71%
Zipette,
71%
zipette,
71%
ça
70%
ça,
70%
des
70%
une
70%
A6,
69%
A7,
69%
des
69%
dès
69%
Gros,
69%
gros,
69%
69%
Là,
69%
La
69%
la
69%
une
69%
Zipette,
69%
zipette,
69%
A6,
68%
France,
68%
pas
68%
pour
68%
A6,
67%
France,
66%
j'fais
65%
loin
65%
que
65%
te
65%
tu
65%
(tu
65%
j'fais
64%
j'fais
63%
n'a
63%
qui
63%
on
62%
On
62%
Il
61%
les
61%
nous
61%
nous,
61%
il
60%
les
60%
Les
60%
system
60%
bandits
59%
l'tour
59%
poudre
59%
ces
58%
en
58%
joli
58%
mafia
58%
poudre
58%
napolitaine
57%
toi,
57%
par
56%
toi
56%
y a
56%
Y a
56%
ceux
55%
comme
55%
au
54%
comme
54%
Quand
54%
quand
54%
as
53%
quand
53%
menti,
52%
52%
CC,
51%
(CC)
51%
est
51%
mon
51%
rré-bou
51%
c'est
50%
est
50%
j'ai
50%
jamais
50%
sound
50%
chez
49%
collégiennes
49%
j'ai
49%
rré-bou
49%
eu
48%
gorille
48%
perverti
48%
rré-bou
48%
t'aiment
48%
cabine
47%
crever
47%
et
47%
J'ai
47%
kilo
47%
mes
47%
pourrai
47%
rappeurs
47%
s'ra
47%
trois
47%
vie
47%
ci,
46%
et
46%
Et
46%
Ghandi,
46%
Ils
46%
racheté
46%
ados
45%
bled,
45%
d'être
45%
ils
45%
péruvienne,
45%
(Sten)
45%
bénéf,
44%
danse
44%
mois
44%
sten
44%
terres
44%
belle
43%
cadeaux
43%
n'est
43%
bon
42%
dem
42%
dit
42%
mais
42%
m'faut
42%
nos
42%
ont
42%
Tant
42%
faut
41%
Faut
41%
main
41%
porte
41%
porte,
41%
qu'ma
41%
bâtards
40%
deux
40%
j'aurai
40%
l'temps
40%
veulent
40%
Big
39%
ché-tou
39%
d'week-end,
39%
ou
39%
qu'j'ai
39%
Nouvelle
38%
ancêtres
37%
cassé
37%
reufs
37%
technologie,
37%
ton
37%
up
37%
boulot
36%
exacte
36%
j'peux
36%
l'hiver,
36%
paro,
36%
position
36%
public
36%
Babylone
35%
Baveux
35%
baveux
35%
d'son
35%
du
35%
35%
épave,
35%
j'vote
35%
l'milli',
35%
nom
35%
rappelle
35%
tes
35%
bout
34%
d'mes
34%
j'me
34%
qu'on
34%
t'as
34%
Tel-Aviv,
34%
Tel-Aviv
34%
vu
34%
vu,
34%
aux
33%
dos
33%
leurs
33%
mains,
33%
mains
33%
schlasser
33%
T'as
33%
t'as
33%
t'localiser
33%
va
33%
équipe
32%
froid
32%
gars
32%
Igo,
32%
l'sang
32%
notre
32%
potes,
32%
Sisi,
32%
sodo",
32%
Cagoule
31%
div'
31%
j'connais
31%
l'code
31%
m'dit
31%
meubles
31%
soleil
31%
Tellement
31%
tellement
31%
troisième
31%
mort
30%
qu'j'suis
30%
t'rend
30%
tuto'
30%
yellow,
30%
croiser
29%
déçu,
29%
livres,
29%
paire
29%
tacles
29%
capot,
28%
gol-ri
28%
ivres
28%
narcotiques
28%
pression,
28%
rien
28%
sort
28%
d'fer,
27%
Dieu
27%
exta'
27%
foot
27%
Golo,
27%
grave
27%
remixé
27%
tape,
27%
t'baffer,
27%
vas
27%
t'évite
26%
après
25%
cachés
25%
grands
25%
hommes
25%
lâcher
25%
même
25%
meuj
25%
partout,
25%
passes
25%
senti
25%
soirées,
25%
style,
25%
t'calmer
25%
tous
25%
vends
25%
barbier
24%
cess'
24%
clic-clac
24%
cru
24%
juste
24%
qu'ont
24%
surprise,
24%
allait
23%
Aqua
23%
deux-cents
23%
droite,
23%
fui,
23%
j'vis-ser
23%
Kala',
23%
qu'tu
23%
ans
22%
Cacheton
22%
m'font
22%
siffle
22%
changer
21%
chaussettes,
21%
convoquer
21%
j't'envoie
21%
"mogo
21%
sem
21%
"shoot",
21%
s'tape ?
21%
courent,
20%
gants
20%
l'mitard
20%
l'staff,
20%
qu't'apprennes
20%
vivre
20%
chasstar
19%
rixes
19%
serrés
19%
(Seum)
19%
SMIC
19%
vingt
19%
averti
18%
claquages
18%
l'habitacle,
18%
coffrés
17%
je,je
17%
m'inscrire
17%
coutelas
16%
d'peine
16%
j'voulais
16%
t'dit
16%
viennent
16%
3endi
15%
craques
15%
s'font
15%
cojo',
14%
gavas
13%
(le lieu)
13%
test
13%
chicoter,
12%
brasses)
11%
stopper
11%
cinquantes
10%
Ri-rixes
9%
Nous, nous,
7%
l'beef
6%
d'faire
5%
Ca-carton
4%
Aucun quiz correspondant
Distribution des résultats
% des personnes avec chaque résultat
Percentile par nombre de réponses
Votre historique - résultats
Vous n’avez pas pris ce quiz